| 000 | 00522nam a2200121 a 4500 | ||
|---|---|---|---|
| 008 | 140826s2013 ||||||||||||||||| || u | ||
| 050 | _aZDSCSC(05) | ||
| 245 | 0 | 4 |
_aThe Kamwala eagle: Zambia commended in peace support operations _cby Zambia deffence services command and staff college (ZDSCSC) |
| 260 |
_aLusaka: _c2013 |
||
| 300 | _a39p.: ill. | ||
| 650 | _aDEFENCE SERVICES--ZAMBIA | ||
| 995 |
_FCBU-MAIN LIBRARY (Kitwe) _M1 _UAVAILABLE _WAug 27, 2014 _ZZambiana Collection |
||
| 999 |
_c48558 _d48558 |
||